000 00620nam a2200205Ia 4500
005 20250508153243.0
008 008 250505s9999 xx 000 0 eng d
037 _aTextual
040 _aFEDL
_beng
_cFEDL
041 _aeng
_2eng
084 _a155.45, GEN
_qFEDL
100 _aTerman Lewis M.
245 0 _aGenetic studies of genius. Vol 1. Mental and physical traits of a thousand gifted children
250 _a2nd
260 _aStanford, USA
_bStanford University Press
_c1959
300 _axiii,648p.
650 _aChild Psychology
942 _cTEXL
_h155.45, GEN
999 _c1341544
_d1341544